000 00505nam a22001937a 4500
005 20251108164044.0
008 250721s1994 xx 000 0 ara d
082 1 4 _a150/سرح
100 1 _aسرحان، وليد
245 1 0 _aأحاديث في السلوك الإنساني /
264 1 _aعمان :
_c1994.
300 _a156ص
490 0 _aسلوكيات ؛ 1
650 1 7 _aعلم النفس
650 1 7 _aالسلوك
650 1 7 _aالطب النفسي
942 _2ddc
_cBK
999 _c2470
_d2470